Principles of Digital Image Processing : (Record no. 16486)

MARC details
000 -LEADER
fixed length control field 01126cam a22002654a 4500
001 - CONTROL NUMBER
control field 15541209
005 - DATE AND TIME OF LATEST TRANSACTION
control field 20090708132120.0
008 - FIXED-LENGTH DATA ELEMENTS--GENERAL INFORMATION
fixed length control field 081202s2009 enka b 001 0 eng
020 ## - INTERNATIONAL STANDARD BOOK NUMBER
International Standard Book Number 9781848001909
020 ## - INTERNATIONAL STANDARD BOOK NUMBER
International Standard Book Number 9781848001916 (eISBN)
040 ## - CATALOGING SOURCE
Original cataloging agency DLC
Transcribing agency DLC
082 ## - DEWEY DECIMAL CLASSIFICATION NUMBER
Edition number 22
Classification number 621.367
Item number BUR
100 1# - MAIN ENTRY--PERSONAL NAME
Personal name Burger, Wilhelm.
9 (RLIN) 28990
245 10 - TITLE STATEMENT
Title Principles of Digital Image Processing :
Remainder of title Fundamental Techniques /
Statement of responsibility, etc Wilhelm Burger, Mark J. Burge.
260 ## - PUBLICATION, DISTRIBUTION, ETC. (IMPRINT)
Place of publication, distribution, etc London :
Name of publisher, distributor, etc Springer,
Date of publication, distribution, etc c2009.
300 ## - PHYSICAL DESCRIPTION
Extent xiv, 260 p. :
Other physical details ill. (some col.) ;
Dimensions 24 cm.
490 0# - Series Statement
Series statement Undergraduate topics in computer science,
International Standard Serial Number 1863-7310 ;
Volume/sequential designation 7592
-- 28991
504 ## - BIBLIOGRAPHY, ETC. NOTE
Bibliography, etc Includes bibliographical references and index.
650 #0 - SUBJECT ADDED ENTRY--TOPICAL TERM
Topical term or geographic name as entry element Image processing
General subdivision Digital techniques.
9 (RLIN) 28992
653 ## - INDEX TERM--UNCONTROLLED
Resource For college
Arrived date list February2012
700 1# - ADDED ENTRY--PERSONAL NAME
Personal name Burge, Mark.
9 (RLIN) 28993
942 ## - ADDED ENTRY ELEMENTS (KOHA)
Source of classification or shelving scheme Dewey Decimal Classification
Item type Book - Borrowing
Holdings
Withdrawn status Item status Source of classification or shelving scheme Damaged status Not for loan Vendor Home library Current library Shelving location Date acquired Source of acquisition Cost, normal purchase price Serial Enumeration / chronology Total Checkouts Total Renewals Full call number Barcode Date last seen Date last borrowed Koha item type
    Dewey Decimal Classification     Alahram Central Library Central Library First floor 19/02/2012   238.00 681 3 5 621.367 BUR 000026144 15/07/2025 26/11/2018 Book - Borrowing